Statistiques concernant Films avec Jean-Paul Rouve par image

Cliquez ici pour prendre le quiz!

Statistiques générales

  • Ce quiz a été pris 144 fois
    (23 depuis la dernière actualisation)
  • Le résultat moyen est 7 sur 16

Statistiques - réponses

Réponse% Correct
Les Tuches
100%
Astérix et Obélix : Mission Cléopâtre
91%
RRRrrrr!!!
86%
Nos jours heureux
73%
Les Nouvelles Aventures d'Aladin
68%
Podium
59%
Monsieur Batignole
32%
Un long dimanche de fiançailles
32%
Dalida
23%
La Môme
23%
Mais qui a tué Pamela Rose ?
23%
Sans arme, ni haine, ni violence
18%
Zaï zaï zaï zaï
18%
Donne-moi des ailes
9%
Les Aventures extraordinaires d'Adèle Blanc-Sec
9%
Le Trésor du Petit Nicolas
5%

Distribution des résultats

Percentile par nombre de réponses

% des personnes avec chaque résultat

Votre développement - résultats

Vous n’avez pas pris ce quiz depuis la dernière actualisation